000 00265nam a2200109Ia 4500
008 220120s9999||||xx |||||||||||||| ||und||
020 _a140107835
100 _aRajput
_911465
245 0 _aMechnical Engineering Science
260 _bNew Delhi
300 _a146p.
_b150
999 _c136407
_d136407